[Event "España ch sub-18 2007"]
[Site "Granada ESP"]
[Date "2007.08.04"]
[Round "9.2"]
[White "Valmaña Canto, Jaime"]
[Black "Lariño Nieto, David"]
[Result "0-1"]
[WhiteElo "2346"]
[BlackElo "2435"]
[PlyCount "50"]
[EventDate "2007.07.29"]
[EventType "swiss"]
[EventRounds "9"]
[EventCountry "ESP"]
[Source "lmi"]
[SourceDate "2007.07.29"]

1. e4 d5 2. exd5 Qxd5 3. Nc3 Qa5 4. d4 Nf6 5. Bc4 Nc6 6. d5 Ne5 7. Bb3 Bg4 8.
Qd4 Ned7 9. f3 e5 10. dxe6 Bxe6 11. Bxe6 fxe6 12. Bd2 O-O-O 13. O-O-O Nb6 14.
Qe3 e5 15. Qe2 Bb4 16. Nb1 Bxd2+ 17. Rxd2 Qxa2 18. Qxe5 Nc4 19. Rxd8+ Rxd8 20.
Qc3 Nxb2 21. Ne2 Nd3+ 22. cxd3 Qxe2 23. Qd2 Qxd3 24. Qxd3 Rxd3 25. Re1 b5 0-1

[Event "España ch sub-18 2007"]
[Site "Granada ESP"]
[Date "2007.08.04"]
[Round "9.3"]
[White "Vila Gazquez, Xavier"]
[Black "Dominguez Pons, Eric"]
[Result "1-0"]
[WhiteElo "2429"]
[BlackElo "2221"]
[PlyCount "90"]
[EventDate "2007.07.29"]
[EventType "swiss"]
[EventRounds "9"]
[EventCountry "ESP"]
[Source "lmi"]
[SourceDate "2007.07.29"]

1. e4 c5 2. Nf3 a6 3. c4 d6 4. d4 cxd4 5. Nxd4 Nf6 6. Nc3 e6 7. Be3 Be7 8. Be2
O-O 9. O-O Nc6 10. Nc2 Qc7 11. Qd2 Rb8 12. f3 b6 13. Rfd1 Bb7 14. Rac1 Rfd8 15.
b3 Ba8 16. Bf1 h6 17. Kh1 Ne5 18. Nb4 Qb7 19. Nd3 Nxd3 20. Qxd3 Nd7 21. Qe2 Qc7
22. Qf2 Kh8 23. Qg3 Nf6 24. Be2 Qc6 25. Qh3 Kg8 26. Bd3 Nd7 27. Qg3 Kh8 28. Bf1
Nf6 29. Ne2 Qe8 30. Nd4 a5 31. Rc2 Bc6 32. Qf2 Kg8 33. Qg3 Kh8 34. Bd3 Rb7 35.
Rcd2 Rbb8 36. Qf2 Kg8 37. Ne2 Nd7 38. Nf4 Nc5 39. Qg3 Kh8 40. Nh5 Bf8 41. Bxh6
g6 42. Nf6 Bxh6 43. Nxe8 Bxd2 44. Qh4+ Kg8 45. Nf6+ Kg7 1-0

[Event "España ch sub-18 2007"]
[Site "Granada ESP"]
[Date "2007.08.04"]
[Round "9.4"]
[White "Mestre Bellido, Hector"]
[Black "Camacho Collados, Marcos"]
[Result "1-0"]
[WhiteElo "2269"]
[BlackElo "2239"]
[PlyCount "87"]
[EventDate "2007.07.29"]
[EventType "swiss"]
[EventRounds "9"]
[EventCountry "ESP"]
[Source "lmi"]
[SourceDate "2007.07.29"]

1. e4 e5 2. Bc4 Nf6 3. d3 Nc6 4. a3 Bc5 5. Nc3 h6 6. Be3 Bb6 7. Nge2 O-O 8. O-O
d6 9. Ng3 Nd4 10. Na4 Ne6 11. Nxb6 axb6 12. Nf5 Nf4 13. Bxf4 exf4 14. Nd4 Ng4
15. Qd2 Qf6 16. c3 Ne5 17. f3 Be6 18. Ba2 h5 19. Ne2 Ng6 20. d4 h4 21. Bb1 Qg5
22. Kh1 Qh6 23. Qd3 Rae8 24. Bc2 d5 25. Rae1 dxe4 26. fxe4 Bg4 27. e5 h3 28.
Nxf4 Nxf4 29. Rxf4 hxg2+ 30. Kxg2 Be6 31. Qg3 g6 32. Rf6 Qd2+ 33. Qf2 Qg5+ 34.
Kh1 Bd5+ 35. Be4 Bxe4+ 36. Rxe4 Re7 37. Ref4 c5 38. h4 Qh5 39. Kh2 cxd4 40.
cxd4 Qh7 41. e6 Rc8 42. Rxf7 Rxf7 43. Rxf7 Qh6 44. e7 1-0

[Event "España ch sub-18 2007"]
[Site "Granada ESP"]
[Date "2007.08.04"]
[Round "9.6"]
[White "Martin Alvarez, Iñigo"]
[Black "Rubio Mejia, Luis Ignacio"]
[Result "0-1"]
[WhiteElo "2154"]
[BlackElo "2270"]
[PlyCount "70"]
[EventDate "2007.07.29"]
[EventType "swiss"]
[EventRounds "9"]
[EventCountry "ESP"]
[Source "lmi"]
[SourceDate "2007.07.29"]

1. e4 c5 2. Nf3 d6 3. d4 cxd4 4. Nxd4 Nf6 5. Nc3 a6 6. Be3 e5 7. Nf3 Be7 8. Bc4
O-O 9. O-O Be6 10. Bb3 h6 11. h3 Nbd7 12. Qe2 Rc8 13. Rfd1 b5 14. a4 Rxc3 15.
bxc3 Nxe4 16. Bd2 Nxd2 17. Nxd2 bxa4 18. Bxe6 fxe6 19. Rxa4 Nc5 20. Rg4 Qc7 21.
c4 a5 22. Ne4 Kh8 23. Rg6 Nxe4 24. Qxe4 Bf6 25. Qd3 Rd8 26. Rb1 Qf7 27. Rb5 d5
28. Rxa5 e4 29. Qg3 Bd4 30. cxd5 exd5 31. Rg4 Rf8 32. Kh2 Bxf2 33. Qe5 Bb6 34.
Qxg7+ Qxg7 35. Rxg7 Bxa5 0-1

[Event "España ch sub-18 2007"]
[Site "Granada ESP"]
[Date "2007.08.04"]
[Round "9.7"]
[White "Aguado Solana, Juan"]
[Black "Remoli Sargues, Francisco"]
[Result "0-1"]
[WhiteElo "1995"]
[BlackElo "2267"]
[PlyCount "88"]
[EventDate "2007.07.29"]
[EventType "swiss"]
[EventRounds "9"]
[EventCountry "ESP"]
[Source "lmi"]
[SourceDate "2007.07.29"]

1. g3 d5 2. Nf3 Nf6 3. Bg2 e6 4. O-O Be7 5. d3 O-O 6. Nbd2 Nbd7 7. c3 b6 8. e4
Ba6 9. e5 Ne8 10. Qc2 c5 11. Re1 Rc8 12. d4 b5 13. Bf1 Qb6 14. a4 cxd4 15. axb5
Bb7 16. Nb3 dxc3 17. bxc3 Nc5 18. Be3 Ba8 19. Bxc5 Bxc5 20. Ra6 Qc7 21. Nxc5
Qxc5 22. Rea1 Nc7 23. Rxa7 Nxb5 24. Bxb5 Qxb5 25. Ng5 g6 26. Qd2 Bb7 27. Qd4
Rc4 28. Qd1 Qc6 29. Rb1 Ba8 30. Qf3 d4 31. Qxc6 Bxc6 32. cxd4 Rxd4 33. Rc7 Bd5
34. Re1 h6 35. Nh3 g5 36. f4 g4 37. Nf2 Bf3 38. Rc3 Rd2 39. Rec1 Kg7 40. h4 Rb8
41. R3c2 Rxc2 42. Rxc2 Rb1+ 43. Kh2 Rf1 44. Rd2 Kf8 0-1

[Event "España ch sub-18 2007"]
[Site "Granada ESP"]
[Date "2007.08.04"]
[Round "9.8"]
[White "Alarcia Astiz, Carlos"]
[Black "Garcia-Ortega Mendez, Jose Manuel"]
[Result "1/2-1/2"]
[WhiteElo "2173"]
[BlackElo "2151"]
[PlyCount "24"]
[EventDate "2007.07.29"]
[EventType "swiss"]
[EventRounds "9"]
[EventCountry "ESP"]
[Source "lmi"]
[SourceDate "2007.07.29"]

1. e4 e5 2. Nf3 Nc6 3. Bc4 Nf6 4. d3 Be7 5. c3 O-O 6. Bb3 d6 7. O-O h6 8. Re1
Nh7 9. Nbd2 Ng5 10. h3 g6 11. d4 Kg7 12. Nxg5 Bxg5 1/2-1/2

[Event "España ch sub-18 2007"]
[Site "Granada ESP"]
[Date "2007.08.04"]
[Round "9.9"]
[White "Hernandez Leon, Alberto"]
[Black "Robles Garcia, Claudia"]
[Result "1/2-1/2"]
[WhiteElo "2275"]
[BlackElo "2167"]
[PlyCount "63"]
[EventDate "2007.07.29"]
[EventType "swiss"]
[EventRounds "9"]
[EventCountry "ESP"]
[Source "lmi"]
[SourceDate "2007.07.29"]

1. d4 Nf6 2. Nf3 c5 3. d5 e6 4. Nc3 exd5 5. Nxd5 Nxd5 6. Qxd5 Be7 7. Bg5 O-O 8.
O-O-O Nc6 9. Bxe7 Qxe7 10. Qd6 Qe6 11. Qxe6 dxe6 12. e4 a6 13. Be2 b6 14. Rd6
Bb7 15. Rhd1 Rfd8 16. Rxd8+ Rxd8 17. Rxd8+ Nxd8 18. Nd2 Nc6 19. Nc4 Nd4 20. Bd3
b5 21. Nd6 Ba8 22. c3 Nc6 23. b3 Na7 24. a4 Bc6 25. axb5 axb5 26. c4 bxc4 27.
Nxc4 Kf8 28. Kd2 Ke7 29. Ke3 f6 30. f4 Nc8 31. Na5 Ba8 32. Nc4 1/2-1/2

[Event "España ch sub-18 2007"]
[Site "Granada ESP"]
[Date "2007.08.04"]
[Round "9.10"]
[White "Ladron De Guevara Pinto, Paolo"]
[Black "Vallejo Diaz, Javier"]
[Result "0-1"]
[WhiteElo "1780"]
[BlackElo "2319"]
[PlyCount "117"]
[EventDate "2007.07.29"]
[EventType "swiss"]
[EventRounds "9"]
[EventCountry "ESP"]
[Source "lmi"]
[SourceDate "2007.07.29"]

1. e4 c5 2. Nf3 a6 3. d4 cxd4 4. Nxd4 e5 5. Nb3 Nf6 6. Be2 Nc6 7. Bf3 Be7 8.
O-O O-O 9. Be3 d6 10. Qe2 Be6 11. Rd1 Qc7 12. Nc3 Rac8 13. Rac1 Rfd8 14. h3 Na5
15. Nxa5 Qxa5 16. a3 b5 17. Qd2 Qc7 18. Qe1 h6 19. Kh2 Qb8 20. g3 Rd7 21. Bg2
Nh7 22. Nd5 Bxd5 23. Rxd5 Rdc7 24. c3 Nf6 25. Rdd1 a5 26. f3 Qb7 27. Qd2 Rc6
28. h4 Rd8 29. Qf2 Rdc8 30. Qg1 Rb8 31. Ba7 Rf8 32. Be3 Bd8 33. Rd2 Be7 34.
Rdd1 Kh7 35. Ra1 g6 36. Rac1 Nh5 37. Rd5 Nf6 38. Rdd1 Nh5 39. Rd5 f5 40. Bf1 f4
41. Rxb5 Qc7 42. Bb6 fxg3+ 43. Kg2 Qc8 44. Rxa5 Bxh4 45. Be3 Rc7 46. Qh1 g5 47.
Rd1 Rcf7 48. Be2 Qb8 49. b4 Nf4+ 50. Bxf4 Rxf4 51. c4 R8f7 52. Rad5 g4 53. Kg1
gxf3 54. Bxf3 Qa7+ 55. c5 Qxa3 56. R5d3 Qxb4 57. Qg2 Qxc5+ 58. Kh1 Be7 59. Be2
0-1

[Event "España ch sub-18 2007"]
[Site "Granada ESP"]
[Date "2007.08.04"]
[Round "9.11"]
[White "Fernandez Borrego, Pablo"]
[Black "Trigo Urquijo, Sergio"]
[Result "1/2-1/2"]
[WhiteElo "2200"]
[BlackElo "2145"]
[PlyCount "60"]
[EventDate "2007.07.29"]
[EventType "swiss"]
[EventRounds "9"]
[EventCountry "ESP"]
[Source "lmi"]
[SourceDate "2007.07.29"]

1. c4 d6 2. Nc3 e5 3. g3 f5 4. Bg2 Nf6 5. d3 c6 6. f4 g6 7. Nf3 Qe7 8. c5 Nbd7
9. cxd6 Qxd6 10. O-O Bg7 11. Kh1 O-O 12. fxe5 Nxe5 13. Bf4 Nh5 14. Nxe5 Bxe5
15. Bxe5 Qxe5 16. d4 Qd6 17. d5 cxd5 18. Nxd5 Nf6 19. Qb3 Be6 20. Nxf6+ Rxf6
21. Qxb7 Rb8 22. Qxa7 Rxb2 23. Rad1 Rxa2 24. Rxd6 Rxa7 25. e4 Re7 26. g4 Kg7
27. exf5 gxf5 28. g5 Rg6 29. h4 Bc4 30. Rfd1 h6 1/2-1/2

[Event "España ch sub-18 2007"]
[Site "Granada ESP"]
[Date "2007.08.04"]
[Round "9.12"]
[White "Senlle Caride, Miguel"]
[Black "Maura Mundo, Alejandro"]
[Result "1-0"]
[WhiteElo "2179"]
[BlackElo "2133"]
[PlyCount "41"]
[EventDate "2007.07.29"]
[EventType "swiss"]
[EventRounds "9"]
[EventCountry "ESP"]
[Source "lmi"]
[SourceDate "2007.07.29"]

1. g3 g6 2. Bg2 Bg7 3. e4 c5 4. c3 Nc6 5. Ne2 e5 6. O-O Nge7 7. f4 d5 8. exd5
Nxd5 9. fxe5 Bxe5 10. Qb3 Be6 11. Qxb7 Rc8 12. Qb5 O-O 13. d3 Nce7 14. Bh6 Re8
15. Qa4 Nf5 16. Bf4 Nxf4 17. Nxf4 Ne3 18. Nxe6 Rxe6 19. Rf3 Bb8 20. Bf1 Rf6 21.
Rxe3 1-0

[Event "España ch sub-18 2007"]
[Site "Granada ESP"]
[Date "2007.08.04"]
[Round "9.13"]
[White "Serrano Bozada, Esteban"]
[Black "Rodriguez Perez, David Antonio"]
[Result "1/2-1/2"]
[WhiteElo "2160"]
[BlackElo "2018"]
[PlyCount "97"]
[EventDate "2007.07.29"]
[EventType "swiss"]
[EventRounds "9"]
[EventCountry "ESP"]
[Source "lmi"]
[SourceDate "2007.07.29"]

1. e4 c5 2. Nf3 d6 3. c3 Nf6 4. Be2 Nbd7 5. Qc2 b6 6. O-O Bb7 7. d3 g6 8. Bg5
Bg7 9. Nbd2 Rc8 10. a4 O-O 11. Rfe1 Qc7 12. h3 e5 13. Nh2 h6 14. Be3 Nh7 15. f4
f5 16. exf5 gxf5 17. fxe5 dxe5 18. Bf3 Rf6 19. Bxb7 Qxb7 20. Nhf3 Rg6 21. Nh4
Rf6 22. Rf1 Rcf8 23. Rae1 Qd5 24. Ndf3 e4 25. dxe4 fxe4 26. Nd2 Rxf1+ 27. Rxf1
Rxf1+ 28. Nxf1 Ne5 29. Nf5 Nf3+ 30. gxf3 Qxf5 31. Qxe4 Qxh3 32. Qd5+ Kh8 33.
Qa8+ Nf8 34. Qxa7 Qxf3 35. Qxb6 Bf6 36. Bf2 Qg4+ 37. Bg3 Ne6 38. Qb8+ Kg7 39.
a5 Ng5 40. Qc7+ Kg6 41. Qxc5 Nh3+ 42. Kh2 Nf4 43. Bxf4 Qxf4+ 44. Ng3 Be5 45.
Qc6+ Kg5 46. Qg2 Qh4+ 47. Kg1 Qxg3 48. Qxg3+ Bxg3 49. b4 1/2-1/2

[Event "España ch sub-18 2007"]
[Site "Granada ESP"]
[Date "2007.08.04"]
[Round "9.14"]
[White "Guadamuro Torrente, Anabel"]
[Black "Garcia Blanco, Omar"]
[Result "1-0"]
[WhiteElo "2095"]
[BlackElo "2148"]
[PlyCount "67"]
[EventDate "2007.07.29"]
[EventType "swiss"]
[EventRounds "9"]
[EventCountry "ESP"]
[Source "lmi"]
[SourceDate "2007.07.29"]

1. e4 e6 2. Nf3 d5 3. Nc3 d4 4. Ne2 c5 5. Ng3 Ne7 6. Bc4 Nec6 7. d3 Be7 8. a4
b6 9. Qe2 e5 10. Nf5 Bf6 11. g4 h6 12. h4 Be6 13. Bxe6 fxe6 14. Ng3 c4 15. Nh5
cxd3 16. Qxd3 Nd7 17. g5 hxg5 18. hxg5 Be7 19. Nf6+ Kf7 20. Rxh8 Qxh8 21. Nxd7
Qh1+ 22. Ke2 Bd6 23. Qc4 Rc8 24. g6+ Kg8 25. Qxe6+ Kh8 26. Qxd6 Qh5 27. Ndxe5
Na5 28. Bd2 d3+ 29. cxd3 Nb3 30. Qd5 Nxa1 31. Nf7+ Kg8 32. Nh6+ Kh8 33. Qg8+
Rxg8 34. Nf7# 1-0

[Event "España ch sub-18 2007"]
[Site "Granada ESP"]
[Date "2007.08.04"]
[Round "9.16"]
[White "Martinez Salas, Imanol"]
[Black "Guetas Sanchez, Hugo"]
[Result "1-0"]
[WhiteElo "1981"]
[BlackElo "2161"]
[PlyCount "125"]
[EventDate "2007.07.29"]
[EventType "swiss"]
[EventRounds "9"]
[EventCountry "ESP"]
[Source "lmi"]
[SourceDate "2007.07.29"]

1. e4 d5 2. exd5 Nf6 3. c4 e6 4. dxe6 Bxe6 5. Nf3 Qe7 6. Be2 Bxc4 7. Nc3 Nc6 8.
O-O Bxe2 9. Nxe2 O-O-O 10. Re1 Qd7 11. d4 Bb4 12. Bd2 Bxd2 13. Qxd2 Rhe8 14.
Rad1 Ne4 15. Qd3 g5 16. Nc3 g4 17. Rxe4 Rxe4 18. Qxe4 gxf3 19. Qxf3 Nxd4 20.
Qe3 f5 21. Kf1 a6 22. Rd2 b5 23. a3 Qd6 24. Qh3 Qe5 25. Qe3 Qc5 26. Ne2 f4 27.
Qd3 Nc6 28. Qh3+ Kb8 29. Rxd8+ Nxd8 30. Qxh7 Qe5 31. Qg8 Qd6 32. Qb3 c5 33. g3
c4 34. Qc2 Ne6 35. Qe4 Nc5 36. Qxf4 Qxf4 37. Nxf4 Na4 38. Ke2 Kc7 39. h4 Kd6
40. h5 Ke7 41. Nd5+ Kf7 42. Nc7 Nxb2 43. Nxa6 Na4 44. g4 Nc3+ 45. Kd2 Ne4+ 46.
Ke3 Nc3 47. Nb4 Nd1+ 48. Kf3 Nc3 49. g5 Nb1 50. Nc2 c3 51. Kg4 Nxa3 52. Ne3 b4
53. g6+ Kf6 54. Nd5+ Kg7 55. Nxb4 c2 56. Nd3 Nc4 57. Kg5 Ne5 58. h6+ Kg8 59.
Nc1 Nf3+ 60. Kf6 Nh4 61. f4 Kh8 62. Kf7 Nf3 63. g7+ 1-0

[Event "España ch sub-18 2007"]
[Site "Granada ESP"]
[Date "2007.08.04"]
[Round "9.17"]
[White "Romero Lopez, Marta"]
[Black "Ribes Peris, Alvaro"]
[Result "1-0"]
[WhiteElo "2004"]
[BlackElo "2135"]
[PlyCount "73"]
[EventDate "2007.07.29"]
[EventType "swiss"]
[EventRounds "9"]
[EventCountry "ESP"]
[Source "lmi"]
[SourceDate "2007.07.29"]

1. d4 d5 2. Nf3 Bg4 3. Ne5 Bf5 4. c4 f6 5. Qa4+ c6 6. Nf3 e6 7. Nc3 Bd6 8. Nh4
Bg6 9. Nxg6 hxg6 10. cxd5 exd5 11. g3 Nd7 12. Qc2 f5 13. h4 Ngf6 14. Bg5 Qc7
15. Bxf6 Nxf6 16. e3 O-O-O 17. O-O-O Ne4 18. Bd3 Bb4 19. Bxe4 fxe4 20. Ne2 Bd6
21. Nf4 Bxf4 22. gxf4 b6 23. Qe2 Rh6 24. Rdg1 c5 25. dxc5 bxc5 26. Qa6+ Qb7 27.
Qe6+ Qd7 28. Qe5 Rf8 29. Rg5 Rf5 30. Rxf5 gxf5 31. Rg1 g6 32. Qf6 Qd8 33. Qc6+
Qc7 34. Qxd5 Qd7 35. Qa8+ Kc7 36. Qxa7+ Kd8 37. Rd1 1-0

[Event "España ch sub-18 2007"]
[Site "Granada ESP"]
[Date "2007.08.04"]
[Round "9.18"]
[White "Jordan Martinez, David"]
[Black "Velandrino Gomez, Maria Cielo"]
[Result "0-1"]
[WhiteElo "2104"]
[BlackElo "2028"]
[PlyCount "32"]
[EventDate "2007.07.29"]
[EventType "swiss"]
[EventRounds "9"]
[EventCountry "ESP"]
[Source "lmi"]
[SourceDate "2007.07.29"]

1. e4 e6 2. d4 d5 3. Nc3 Nf6 4. Bg5 Be7 5. e5 Ne4 6. Bxe7 Qxe7 7. Nxe4 dxe4 8.
c3 c5 9. dxc5 Nc6 10. Qd6 Qg5 11. Bb5 Bd7 12. Rd1 O-O-O 13. Ne2 Be8 14. h4 Qh6
15. Bxc6 Rxd6 16. Bxb7+ Kxb7 0-1

[Event "España ch sub-18 2007"]
[Site "Granada ESP"]
[Date "2007.08.04"]
[Round "9.19"]
[White "Ladron De Guevara Pinto, Fermin"]
[Black "Perez Castellano, Susana"]
[Result "1/2-1/2"]
[WhiteElo "2070"]
[BlackElo "1861"]
[PlyCount "134"]
[EventDate "2007.07.29"]
[EventType "swiss"]
[EventRounds "9"]
[EventCountry "ESP"]
[Source "lmi"]
[SourceDate "2007.07.29"]

1. d4 Nf6 2. Nf3 d5 3. c4 e6 4. g3 Nbd7 5. Bg2 Bb4+ 6. Bd2 Bxd2+ 7. Nbxd2 c6 8.
O-O O-O 9. Qc2 b6 10. e4 dxe4 11. Nxe4 Nxe4 12. Qxe4 Bb7 13. Rfd1 Qc7 14. Qc2
Nf6 15. Ne5 Rac8 16. f4 c5 17. dxc5 Qxc5+ 18. Qf2 Qxf2+ 19. Kxf2 Bxg2 20. Kxg2
b5 21. b3 bxc4 22. bxc4 Ne4 23. Kf3 Nc5 24. Rac1 Rc7 25. Ng4 Rfc8 26. Ne3 Nd7
27. Rd2 Kf8 28. Rdc2 Nc5 29. Rd1 Na4 30. Ke2 Ke7 31. Kf3 Nb6 32. Rdc1 Nd7 33.
Re1 Kf8 34. Ke2 e5 35. Kf3 exf4 36. gxf4 Nb6 37. Rec1 Rc5 38. Ke4 Rd8 39. Kf3
Rd4 40. Rc3 Rd2 41. R1c2 Rd4 42. Ra3 Nxc4 43. Nxc4 Rcxc4 44. Rxc4 Rxc4 45. Rxa7
g6 46. a4 Kg7 47. a5 Ra4 48. a6 h5 49. Ra8 Kf6 50. Ra7 Ke6 51. Ke3 f6 52. Ra8
Kf5 53. a7 Kg4 54. Rg8 Rxa7 55. Rxg6+ Kf5 56. Rh6 Ra3+ 57. Kf2 Rh3 58. Kg2 Rh4
59. h3 Rxf4 60. Rxh5+ Ke4 61. Ra5 f5 62. h4 Rg4+ 63. Kf2 Rg8 64. Ra4+ Ke5 65.
Kf3 Rh8 66. Ra5+ Kf6 67. Ra6+ Ke5 1/2-1/2

[Event "España ch sub-18 2007"]
[Site "Granada ESP"]
[Date "2007.08.04"]
[Round "9.20"]
[White "De Nacimiento Montaño, Angel"]
[Black "Ladron De Guevara Pinto, Miguel"]
[Result "1-0"]
[WhiteElo "1999"]
[BlackElo "2052"]
[PlyCount "55"]
[EventDate "2007.07.29"]
[EventType "swiss"]
[EventRounds "9"]
[EventCountry "ESP"]
[Source "lmi"]
[SourceDate "2007.07.29"]

1. e4 c5 2. Nf3 e6 3. d4 cxd4 4. Nxd4 a6 5. Nc3 Qc7 6. Be2 Nc6 7. O-O Nf6 8.
Be3 b5 9. a3 Bb7 10. f4 Bc5 11. Nf5 Bxe3+ 12. Nxe3 Qb6 13. Qd2 d5 14. exd5 exd5
15. Kh1 d4 16. Nf5 O-O 17. Nd1 Ne4 18. Qd3 Rfe8 19. Nf2 Nxf2+ 20. Rxf2 Rad8 21.
Qg3 g6 22. Nh6+ Kg7 23. f5 Ne5 24. Raf1 Rd7 25. f6+ Kh8 26. Rf4 Rd6 27. Rf5
Rde6 28. Rxe5 1-0

[Event "España ch sub-18 2007"]
[Site "Granada ESP"]
[Date "2007.08.04"]
[Round "9.21"]
[White "Herrera Delgado, Alejandro"]
[Black "Tamajon Castilla, Francisco Javier"]
[Result "0-1"]
[WhiteElo "2150"]
[BlackElo "1953"]
[PlyCount "84"]
[EventDate "2007.07.29"]
[EventType "swiss"]
[EventRounds "9"]
[EventCountry "ESP"]
[Source "lmi"]
[SourceDate "2007.07.29"]

1. e4 e5 2. Nf3 Nc6 3. Bb5 a6 4. Bxc6 dxc6 5. O-O Ne7 6. Nxe5 Qd4 7. Qh5 g6 8.
Qg5 Bg7 9. Nf3 Qxe4 10. Re1 Qb4 11. b3 h6 12. Qe3 Be6 13. Ba3 Nd5 14. Qe2 Nf4
15. Qf1 Qa5 16. c3 O-O-O 17. d4 Qh5 18. Nbd2 g5 19. Ne4 Bd5 20. c4 Bxe4 21.
Rxe4 f5 22. Re3 g4 23. Ne5 Rxd4 24. c5 Bxe5 25. Rxe5 Rhd8 26. Re3 Kb8 27. Rae1
Rd2 28. Qc4 Qg5 29. Bc1 R2d4 30. Qc2 Qg6 31. Re7 Nd3 32. Rf1 f4 33. Bb2 R4d5
34. Rg7 Qf5 35. Qc3 f3 36. Qf6 Nxb2 37. Qxb2 fxg2 38. Kxg2 Qf3+ 39. Kg1 Rd1 40.
Re7 Rxf1+ 41. Kxf1 Rd1+ 42. Re1 Qh1+ 0-1

[Event "España ch sub-18 2007"]
[Site "Granada ESP"]
[Date "2007.08.04"]
[Round "9.23"]
[White "Riera Morilla, Elizabeth"]
[Black "Torres Tellez, Jonathan"]
[Result "1/2-1/2"]
[WhiteElo "1952"]
[BlackElo "2084"]
[PlyCount "77"]
[EventDate "2007.07.29"]
[EventType "swiss"]
[EventRounds "9"]
[EventCountry "ESP"]
[Source "lmi"]
[SourceDate "2007.07.29"]

1. e4 c5 2. Nc3 e6 3. Nge2 Nc6 4. d4 cxd4 5. Nxd4 Nf6 6. Nxc6 bxc6 7. e5 Nd5 8.
Nxd5 cxd5 9. Bd3 d6 10. Bf4 Qa5+ 11. Qd2 Qxd2+ 12. Kxd2 dxe5 13. Bxe5 f6 14.
Bg3 Kf7 15. c4 Bb7 16. cxd5 Bxd5 17. f3 Bc5 18. b3 a5 19. Rac1 Rhc8 20. Ke2 a4
21. bxa4 Rxa4 22. Rc2 Rxa2 23. Rxa2 Bxa2 24. Rc1 Ke7 25. Bf2 Kd6 26. Bxc5+ Rxc5
27. Rxc5 Kxc5 28. Bxh7 f5 29. f4 Kd4 30. g3 e5 31. fxe5 Kxe5 32. Bg6 Kf6 33.
Be8 g5 34. Kf2 f4 35. gxf4 gxf4 36. Bc6 Kg5 37. Kf3 Be6 38. h4+ Kxh4 39. Kxf4
1/2-1/2

[Event "España ch sub-18 2007"]
[Site "Granada ESP"]
[Date "2007.08.04"]
[Round "9.24"]
[White "Pardo Simon, David"]
[Black "Martinez Rodriguez, Pablo"]
[Result "1-0"]
[WhiteElo "2080"]
[BlackElo "1942"]
[PlyCount "77"]
[EventDate "2007.07.29"]
[EventType "swiss"]
[EventRounds "9"]
[EventCountry "ESP"]
[Source "lmi"]
[SourceDate "2007.07.29"]

1. e4 e5 2. Nf3 Nc6 3. d4 exd4 4. Nxd4 Bc5 5. Nb3 Bb6 6. Nc3 d6 7. a4 a6 8. a5
Ba7 9. Bd3 Qh4 10. g3 Qf6 11. Qe2 Nge7 12. f4 O-O 13. Bd2 Nb4 14. O-O-O Bd7 15.
Kb1 Nxd3 16. Qxd3 b6 17. Be3 bxa5 18. Bxa7 Rxa7 19. e5 Qf5 20. exd6 Qxd3 21.
Rxd3 Nc6 22. dxc7 Rxc7 23. Nd5 Ra7 24. Re1 Bf5 25. Rc3 Nb4 26. Ne7+ Rxe7 27.
Rxe7 Rd8 28. Re1 a4 29. Nd4 Bg4 30. Nc6 Nxc6 31. Rxc6 h6 32. Rxa6 Rd2 33. Rxa4
Rxh2 34. Ra3 Bf5 35. Rc1 h5 36. b4 Rh3 37. Kb2 Rh2 38. b5 Rd2 39. Kb3 1-0

[Event "España ch sub-18 2007"]
[Site "Granada ESP"]
[Date "2007.08.04"]
[Round "9.26"]
[White "Mejuto De Ulloa, Jorge"]
[Black "Barbosa Rubies, Laia"]
[Result "1-0"]
[WhiteElo "2062"]
[BlackElo "1847"]
[PlyCount "65"]
[EventDate "2007.07.29"]
[EventType "swiss"]
[EventRounds "9"]
[EventCountry "ESP"]
[Source "lmi"]
[SourceDate "2007.07.29"]

1. e4 e6 2. d4 d5 3. Nd2 Nf6 4. e5 Nfd7 5. c3 c5 6. Bd3 Nc6 7. Ne2 Be7 8. f4
cxd4 9. cxd4 f6 10. Nf3 Qb6 11. a3 O-O 12. b4 a6 13. Ra2 Re8 14. Rc2 Nf8 15.
O-O Bd7 16. Kh1 Na7 17. Nc3 Rac8 18. Bb2 a5 19. bxa5 Qxa5 20. Qe2 b5 21. Ra1
Rc7 22. Qd2 Rec8 23. Nxd5 Qxd2 24. Nxe7+ Kf7 25. Rxd2 Kxe7 26. Re1 Ng6 27.
exf6+ gxf6 28. f5 Nf4 29. fxe6 Bxe6 30. d5 Nxd5 31. Bf5 Nf4 32. Bxe6 Nxe6 33.
Rde2 1-0

[Event "España ch sub-18 2007"]
[Site "Granada ESP"]
[Date "2007.08.04"]
[Round "9.27"]
[White "Santiso Becerra, Pablo"]
[Black "Fernandez Garcia, Jose Miguel"]
[Result "1-0"]
[WhiteElo "1841"]
[BlackElo "2036"]
[PlyCount "89"]
[EventDate "2007.07.29"]
[EventType "swiss"]
[EventRounds "9"]
[EventCountry "ESP"]
[Source "lmi"]
[SourceDate "2007.07.29"]

1. e4 Nf6 2. e5 Nd5 3. d4 d6 4. c4 Nb6 5. exd6 cxd6 6. Nf3 g6 7. Be3 Bg7 8. Nc3
O-O 9. Be2 Nc6 10. O-O Bg4 11. b3 d5 12. c5 Nc8 13. Rc1 e6 14. Qd2 N8e7 15. Kh1
Nf5 16. Ng1 Bxe2 17. Ncxe2 f6 18. Rcd1 Qe8 19. f4 Rd8 20. Nf3 Rf7 21. Bf2 Rfd7
22. b4 a6 23. a4 Re7 24. g4 Nh6 25. h3 Nf7 26. Rde1 Qd7 27. Bg3 Rde8 28. Rd1 e5
29. dxe5 fxe5 30. Qxd5 Qxd5 31. Rxd5 Nxb4 32. Rdd1 e4 33. Nfd4 Rc7 34. f5 Rxc5
35. Ne6 Rc4 36. Nxg7 Kxg7 37. Nf4 g5 38. Ne6+ Kf6 39. Rd7 Nd3 40. Rb1 Nfe5 41.
Rxh7 Re7 42. Rh6+ Kf7 43. Rh7+ Ke8 44. Rh8+ Kf7 45. Rf8# 1-0

[Event "España ch sub-18 2007"]
[Site "Granada ESP"]
[Date "2007.08.04"]
[Round "9.29"]
[White "Aranaz Murillo, Amalia"]
[Black "Gallardo De La Torre, Yasmina"]
[Result "1-0"]
[WhiteElo "1706"]
[BlackElo "1975"]
[PlyCount "83"]
[EventDate "2007.07.29"]
[EventType "swiss"]
[EventRounds "9"]
[EventCountry "ESP"]
[Source "lmi"]
[SourceDate "2007.07.29"]

1. Nf3 d5 2. d4 Bg4 3. Ne5 Bf5 4. c4 dxc4 5. Nc3 Nf6 6. e3 Nbd7 7. Nxd7 Qxd7 8.
Bxc4 e6 9. Qb3 c6 10. Be2 Be7 11. O-O O-O 12. Rd1 Qc7 13. Bd2 Rad8 14. Rac1 Ng4
15. Bxg4 Bxg4 16. f3 Bh5 17. Ne4 Bg6 18. Be1 Bxe4 19. fxe4 Bd6 20. e5 Be7 21.
Bb4 Rd5 22. Qa3 Bxb4 23. Qxb4 Rd7 24. Qc4 Rfd8 25. b4 Qb6 26. a4 Rd5 27. Rb1 a6
28. Rdc1 h6 29. h3 R8d7 30. Qf1 Qd8 31. Rc2 a5 32. b5 cxb5 33. Rxb5 Rc7 34.
Rcb2 Rxb5 35. Rxb5 Qc8 36. Kh2 Rc1 37. Qf3 Qc4 38. Rxb7 Rf1 39. Rb8+ Kh7 40.
Qe4+ g6 41. Qa8 g5 42. Rh8+ 1-0